Регионална библиотека "Любен Каравелов" - Русе

Нови черти на съвременния империализъм (Запис номер 182190)

MARC детайли
000 -Лидер
Контролно поле с фиксирана дължина nam a22 a 4500
003 - Код на организацията, давaща контролен номер
Контролно поле BLK
005 - Дата и час на последна редакция
Контролно поле 20220629111220.0
008 - Елементи от данни с фиксирана дължина
fixed length control field 180411b bul|||||r ||||||| ||bul||
010 ## - Наследен системен номер
LC control number KNG00191113000
040 ## - Източник на каталожния запис
Идентификатор на билиотеката - собственик на записа BLK
041 ## - Код за език
Код за езика на текст/звукозапис или на отделно заглавие Български
Код за езика КДБФ Български
080 ## - УДК
Текстов определител УДК Връзка на капитала с производството
УДК код - определител по УДК 330.012
УДК - код + определител 330.012
100 1# - Редна дума - Автор
Автор Даскалов, Милко Стефанов
Авторска отговорност първи автор
R(LIN) 342848
139 ## - Редно поле
Редна дума Нови черти на съвременния империализъм
Авторски знак Нови - Н 86
245 10 - Сведения за заглавието
Заглавие Нови черти на съвременния империализъм
Подзаглавни данни Изменения в икономиката на империализма от 60-те години
Редно поле (дума) Милко Стефанов Даскалов.
257 ## - Страна на издаване
Страна на създаване/издаване България
260 ## - Област на издателските данни
Име на издателя, разпространителя и проч. Партиздат
Година на издаване 1971
Печатница В. Търново : Д. Найденов
Място на издаване, разпространение и проч. София
300 ## - Физическа характеристика
Страници 116 с.
Илюстрации и др. с табл.
Размери/Мащаб 25 см
380 ## - Жанр
Жанр Обществени науки
650 #4 - Допълнително описание по предмет – тема
Основно описание – тема или топоним Империализъм
9 (RLIN) 157098
653 ## - Ключова дума – ненормативна
Ключова дума империализъм
852 ## - Местоположение
Форматна сигнатура Цб 59378
856 4# - Електронен адрес и достъп
Електронен формат pdf - файл
856 4# - Електронен адрес и достъп
Електронен формат pdf - файл
999 ## - СИСТЕМНИ КОНТРОЛНИ НОМЕРА
Koha biblionumber 182190
Koha biblioitemnumber 182190
942 ## - АРТИКУЛИ
Вид на библиотечния материал Книги
Скрит в OPAC Не
Периодичен библиозапис Да
944 ## - СЪЗДАВАНЕ И РЕДАКЦИЯ на ЗАПИСА
Създаване/Редакция Създаване
Дата на регистрацията/редакция 29.09.2016
Служител, извършил регистрацията/редакцията Любка_Николова
944 ## - СЪЗДАВАНЕ И РЕДАКЦИЯ на ЗАПИСА
Създаване/Редакция Редакция
Дата на регистрацията/редакция 29.09.2016
Служител, извършил регистрацията/редакцията Любка_Николова
999 ## - СИСТЕМНИ КОНТРОЛНИ НОМЕРА
Koha biblioitemnumber 182190
Наличности
Код за отписване Код за изгубен артикул Източник на класификационната схема Код за повреда Коз за рестрикции Код за отдаване Артикулен № Име на библиотеката - собственик Име на библиотеката, в която се намира в момента Статус (Текущо местоположение) Дата на вписване в системата Местоположение - отдел Цена в лева Инвентарен номер Систематично азбучна сигнатура Баркод Номер на екземпляра Цена в евро Служебна бележка Служебен тип на артикула
  Не е изгубен Universal Decimal Classification Не е повреден само за читалня ползва се в читалня 312531 Регионална библиотека "Любен Каравелов" Русе Регионална библиотека "Любен Каравелов" Русе Хранилище 1971-01-01 Хранилище 0.36 99173 Цб 59378 120000099173 1 0.18 Вид: Сф N: стар фонд Дата: 01.01.1971 Книги
Изтеглен Не е изгубен Universal Decimal Classification Не е повреден без рестрикции заемане за дома 312532 Регионална библиотека "Любен Каравелов" Русе Регионална библиотека "Любен Каравелов" Русе Заемна - подръчен фонд 1971-01-01 Заемна - подръчен фонд 0.36 99485 П 330/Н 86 99485 2 0.18 Вид: Сф N: стар фонд Дата: 01.01.1971 Книги
Изтеглен Не е изгубен Universal Decimal Classification Не е повреден без рестрикции заемане за дома 312533 Регионална библиотека "Любен Каравелов" Русе Регионална библиотека "Любен Каравелов" Русе Заемна - подръчен фонд 1971-01-01 Заемна - подръчен фонд 0.36 99486 П 330/Н 86 99486 3 0.18 Вид: Сф N: стар фонд Дата: 01.01.1971 Книги
Vip Innovations Ltd, Rousse, Bulgaria 2025